Una década de luces y sombras: América Latina y el Caribe en los años noventa
Kaydedildi:
| Müşterek Yazar: | |
|---|---|
| Materyal Türü: | Kitap |
| Dil: | İspanyolca |
| Baskı/Yayın Bilgisi: |
Ciudad de México
Alfaomega
2001
|
| Seri Bilgileri: | Economía de América Latina
|
| Konular: | |
| Etiketler: |
Etiketle
Etiket eklenmemiş, İlk siz ekleyin!
|
MARC
| LEADER | 00000nam a2200000 a 4500 | ||
|---|---|---|---|
| 001 | UCN4505 | ||
| 003 | CL-VaPUC | ||
| 008 | 010803e20010000MX |||||||||||||||||spa|d | ||
| 082 | 0 | 4 | |a 338.98 |b CEP |2 21 |
| 110 | 2 | |a CEPAL |e author |9 460980 | |
| 245 | 1 | 4 | |a Una década de luces y sombras: América Latina y el Caribe en los años noventa |
| 300 | |a 318 p | ||
| 942 | |c BK | ||
| 945 | |d 20010803 00:00:00 |a cmena | ||
| 260 | |a Ciudad de México |b Alfaomega |c 2001 | ||
| 650 | 0 | |a Desarrollo económico y social |9 256320 | |
| 650 | 0 | |a Trabajo y empleo |9 315054 | |
| 650 | 0 | |a Macroeconomía |9 260301 | |
| 650 | 7 | |a COMERCIO INTERNACIONAL |2 CL-VaPUC |9 460981 | |
| 651 | 0 | |a América Latina |9 255027 | |
| 651 | 7 | |a ISLAS CARIBES |2 CL-VaPUC |9 255533 | |
| 583 | |a last modification |c 20010803 00:00:00 |k Rodrigo Vera | ||
| 490 | 0 | |a Economía de América Latina | |
| 999 | |c 296733 |d 296731 | ||
| 952 | |0 0 |1 0 |4 0 |6 338_980000000000000_CEP_2001 |7 0 |8 A |9 350832 |a BIBGIM |b BIBGIM |d 2019-11-20 |i 3734870 |o 338.98 CEP 2001 |p 3734870 |r 2025-01-15 |w 2019-11-20 |y BK |k GIM | ||